[Event "Montigny le Bretonneux op 20th"]
[Site "Montigny le Bretonneux"]
[Date "2022.10.28"]
[Round "7"]
[White "Beaufils, Philippe"]
[Black "Alata, Aurelien"]
[Result "1-0"]
[WhiteElo "1774"]
[BlackElo "1306"]
[PlyCount "37"]
[EventDate "2022.10.22"]
[EventType "swiss"]
[EventRounds "9"]
[EventCountry "FRA"]
[SourceTitle "EXT 2024"]
[Source "ChessBase"]
[SourceDate "2023.10.10"]
[SourceVersion "1"]
[SourceVersionDate "2023.10.10"]
[SourceQuality "1"]

1. d4 Nf6 2. Bg5 e6 3. e4 Be7 4. Bxf6 Bxf6 5. Nf3 c5 6. c3 b6 7. Nbd2 Bb7 8. Bd3 0-0 9. h4 g6 10. e5 Bg7 11. h5 d6 12. hxg6 hxg6 13. Qc2 dxe5 14. dxe5 Nd7 15. Bxg6 fxg6 16. Qxg6 Re8 17. 0-0-0 Qc7 18. Ng5 Nxe5 19. Rh8+ 1-0

[Event "Montigny le Bretonneux op 20th"]
[Site "Montigny le Bretonneux"]
[Date "2022.10.26"]
[Round "5"]
[White "Beaufils, Philippe"]
[Black "Dang, Louis"]
[Result "0-1"]
[WhiteElo "1774"]
[BlackElo "1394"]
[PlyCount "82"]
[EventDate "2022.10.22"]
[EventType "swiss"]
[EventRounds "9"]
[EventCountry "FRA"]
[SourceTitle "EXT 2024"]
[Source "ChessBase"]
[SourceDate "2023.10.10"]
[SourceVersion "1"]
[SourceVersionDate "2023.10.10"]
[SourceQuality "1"]

1. e4 e5 2. Bc4 Nf6 3. d3 Nc6 4. c3 d6 5. Nf3 Be7 6. b4 0-0 7. 0-0 h6 8. Re1 Bg4 9. Nbd2 Nh7 10. h3 Bh5 11. g4 Bg6 12. Kg2 Qd7 13. Nf1 Nd8 14. Be3 Ne6 15. Qd2 Neg5 16. N3h2 Ne6 17. Ng3 Bg5 18. Nf5 Nf4+ 19. Kg3 Bxf5 20. exf5 Bf6 21. h4 Qc6 22. Nf3 Rfe8 23. b5 Qd7 24. d4 Rad8 25. Red1 Qe7 26. Re1 Qd7 27. Rad1 Qc8 28. Qc2 c6 29. Qb3 Rf8 30. dxe5 dxe5 31. Bc5 cxb5 32. Qxb5 Rfe8 33. Be3 Qc7 34. Qb3 Rc8 35. Bb5 Red8 36. Rxd8+ Rxd8 37. Bc4 Nd3 38. Bxd3 Rxd3 39. Kg2 e4 40. Nd4 Bxh4 41. Qd5 Nf6 0-1

[Event "Montigny le Bretonneux op 20th"]
[Site "Montigny le Bretonneux"]
[Date "2022.10.25"]
[Round "4"]
[White "Beaufils, Philippe"]
[Black "Petitgas, Aurelien"]
[Result "1/2-1/2"]
[WhiteElo "1774"]
[BlackElo "1516"]
[PlyCount "94"]
[EventDate "2022.10.22"]
[EventType "swiss"]
[EventRounds "9"]
[EventCountry "FRA"]
[SourceTitle "EXT 2024"]
[Source "ChessBase"]
[SourceDate "2023.10.10"]
[SourceVersion "1"]
[SourceVersionDate "2023.10.10"]
[SourceQuality "1"]

1. e4 e6 2. d4 d5 3. Nc3 Nf6 4. e5 Ne4 5. Nf3 c5 6. Bb5+ Nc6 7. 0-0 a6 8. Bxc6+ bxc6 9. Ne2 Qb6 10. c3 cxd4 11. cxd4 c5 12. b3 a5 13. Re1 Ba6 14. Nf4 cxd4 15. Nxd4 Bb4 16. Be3 Bc5 17. Rc1 0-0 18. Rxc5 Nxc5 19. Qg4 Bd3 20. h4 Bf5 21. Nxf5 exf5 22. Qg5 Qb4 23. Rc1 Ne6 24. Nxe6 fxe6 25. Bc5 Qb7 26. Bxf8 Kxf8 27. Qd2 Rc8 28. g3 Rc7 29. a3 Qc8 30. Rb1 Rc3 31. b4 axb4 32. axb4 Rc2 33. Qd4 Rc1+ 34. Rxc1 Qxc1+ 35. Kg2 Qc6 36. h5 Qb5 37. Kf3 Ke8 38. Ke3 Qc6 39. Kd2 Kd7 40. Qa7+ Qc7 41. Qa4+ Qc6 42. b5 Qb6 43. Ke2 Kc7 44. f4 Qc5 45. Kd3 Qb6 46. Qb4 Kd7 47. Ke2 Ke8 1/2-1/2

[Event "Montigny le Bretonneux op 20th"]
[Site "Montigny le Bretonneux"]
[Date "2022.10.24"]
[Round "3"]
[White "Delmas Goyon, Francois"]
[Black "Beaufils, Philippe"]
[Result "1/2-1/2"]
[WhiteElo "1899"]
[BlackElo "1774"]
[PlyCount "77"]
[EventDate "2022.10.22"]
[EventType "swiss"]
[EventRounds "9"]
[EventCountry "FRA"]
[SourceTitle "EXT 2024"]
[Source "ChessBase"]
[SourceDate "2023.10.10"]
[SourceVersion "1"]
[SourceVersionDate "2023.10.10"]
[SourceQuality "1"]

1. e4 e6 2. d4 d5 3. Nd2 dxe4 4. Nxe4 Nc6 5. Nf3 Qd5 6. Bd3 Bd7 7. c4 Bb4+ 8. Bd2 Qa5 9. a3 Bxd2+ 10. Qxd2 Qxd2+ 11. Kxd2 Nge7 12. Kc3 0-0-0 13. b4 Be8 14. b5 Nb8 15. a4 h6 16. a5 Nd7 17. Rhd1 f5 18. Nc5 Nxc5 19. dxc5 Bh5 20. Re1 Bxf3 21. gxf3 Ng6 22. b6 a6 23. c6 Nf4 24. cxb7+ Kxb7 25. Bf1 c6 26. Rad1 g5 27. c5 Rd5 28. Rxd5 Nxd5+ 29. Kd4 Nf4 30. Ke5 Rd8 31. Bc4 Rd2 32. Kf6 Rc2 33. Bxe6 Rxc5 34. Re5 Nh5+ 35. Kxf5 Ng7+ 36. Kf6 Ne8+ 37. Kf5 Ng7+ 38. Kf6 Ne8+ 39. Kf5 1/2-1/2

[Event "Montigny le Bretonneux op 20th"]
[Site "Montigny le Bretonneux"]
[Date "2022.10.23"]
[Round "2"]
[White "Martin Breteau, Paul"]
[Black "Beaufils, Philippe"]
[Result "1-0"]
[WhiteElo "1329"]
[BlackElo "1774"]
[PlyCount "47"]
[EventDate "2022.10.22"]
[EventType "swiss"]
[EventRounds "9"]
[EventCountry "FRA"]
[SourceTitle "EXT 2024"]
[Source "ChessBase"]
[SourceDate "2023.10.10"]
[SourceVersion "1"]
[SourceVersionDate "2023.10.10"]
[SourceQuality "1"]

1. e4 e6 2. d4 d5 3. e5 c5 4. c3 Nc6 5. Nf3 Qc7 6. Bd3 f6 7. Qe2 f5 8. Be3 c4 9. Bc2 Nge7 10. h4 Bd7 11. Nbd2 b5 12. a3 a5 13. h5 a4 14. h6 gxh6 15. Bxh6 0-0-0 16. Ng5 Bxh6 17. Rxh6 Rdg8 18. Nf7 Rxg2 19. Nxh8 Rg1+ 20. Nf1 Rg7 21. Rf6 Nd8 22. Qh5 Ng8 23. Rf8 Kb7 24. Nf7 1-0

[Event "FRA-ch Seniors"]
[Site "Chartres"]
[Date "2019.??.??"]
[Round "7"]
[White "Ribaud Chevrey, Philippe"]
[Black "Beaufils, Philippe"]
[Result "1-0"]
[WhiteElo "2038"]
[BlackElo "1816"]
[PlyCount "31"]
[EventDate "2019.08.17"]
[EventType "swiss"]
[EventRounds "9"]
[EventCountry "FRA"]
[SourceTitle "EXT 2020"]
[Source "ChessBase"]
[SourceDate "2019.10.17"]
[SourceVersion "1"]
[SourceVersionDate "2019.10.17"]
[SourceQuality "1"]

1. Nc3 d5 2. e4 dxe4 3. Nxe4 Nf6 4. Nxf6+ gxf6 5. Bc4 Qd4 6. Qe2 Bg4 7. f3 Bd7 8. c3 Qb6 9. d4 Nc6 10. Be3 Na5 11. Bd3 Qd6 12. Rd1 0-0-0 13. b4 Nc6 14. Bc4 e5 15. d5 Nb8 16. Bc5 1-0

[Event "Montigny le Bretonneux Noel op 12th"]
[Site "Montigny le Bretonneux"]
[Date "2009.12.30"]
[Round "6"]
[White "Habunek, Patrick"]
[Black "Beaufils, Philippe"]
[Result "0-1"]
[WhiteElo "1780"]
[BlackElo "1825"]
[PlyCount "40"]
[EventDate "2009.12.26"]
[EventType "swiss"]
[EventRounds "7"]
[EventCountry "FRA"]
[SourceTitle "EXT 2011"]
[Source "ChessBase"]
[SourceDate "2010.11.26"]
[SourceVersion "1"]
[SourceVersionDate "2010.11.26"]
[SourceQuality "1"]

1. d4 Nf6 2. Nf3 e6 3. c4 b6 4. g3 Bb7 5. Bg2 c5 6. e3 Qc7 7. Nc3 cxd4 8. Qxd4 Nc6 9. Qd3 Ne5 10. Nxe5 Bxg2 11. Nxf7 Bxh1 12. Nxh8 Bb4 13. Bd2 Ke7 14. Ng6+ hxg6 15. Qxg6 Rg8 16. b3 Bf3 17. Nb5 Bxd2+ 18. Kxd2 Qe5 19. Nd4 Be4 20. f4 Qa5+ 0-1

[Event "Montigny le Bretonneux Noel op 12th"]
[Site "Montigny le Bretonneux"]
[Date "2009.12.27"]
[Round "2"]
[White "San Marco, Jean"]
[Black "Beaufils, Philippe"]
[Result "0-1"]
[WhiteElo "2010"]
[BlackElo "1825"]
[PlyCount "80"]
[EventDate "2009.12.26"]
[EventType "swiss"]
[EventRounds "7"]
[EventCountry "FRA"]
[SourceTitle "EXT 2011"]
[Source "ChessBase"]
[SourceDate "2010.11.26"]
[SourceVersion "1"]
[SourceVersionDate "2010.11.26"]
[SourceQuality "1"]

1. d4 Nf6 2. Nf3 e6 3. Bf4 b6 4. e3 Bb7 5. Bd3 d6 6. h3 Nbd7 7. Nbd2 Be7 8. 0-0 Nd5 9. Bg3 f5 10. c3 0-0 11. e4 fxe4 12. Nxe4 Nf4 13. Bc2 e5 14. Re1 d5 15. Ned2 e4 16. Ne5 Nxe5 17. dxe5 Ng6 18. c4 c6 19. Bb3 Kh8 20. cxd5 cxd5 21. Qe2 Bc5 22. Rad1 Qg5 23. Nf1 Nxe5 24. Bxd5 Bxd5 25. Rxd5 Nf3+ 26. gxf3 Qxd5 27. fxe4 Qe6 28. Kg2 Qxa2 29. Rd1 Rad8 30. Rxd8 Rxd8 31. Be5 Bd4 32. Qd2 Qe6 33. f4 Qd7 34. Bxd4 Qxd4 35. Qxd4 Rxd4 36. Kf3 Rd3+ 37. Kg4 g6 38. e5 Kg7 39. f5 gxf5+ 40. Kf4 Kf7 0-1